LEADER 00865cam0 2200265 450 001 E600200043528 005 20200722114853.0 100 $a20081219d1968 |||||ita|0103 ba 101 $afre 102 $aFR 200 1 $a<>Guyanes$fMichel Devčze 210 $aParis$cPresses Universitaires de France$d1968 215 $a128 p.$cill.$d17 cm 225 2 $aQue sais-je?$v1315 410 1$1001LAEC00016182$12001 $a*Que sais-je?$v1315 700 1$aDevčze$b, Michel$3A600200051635$4070$0399259 801 0$aIT$bUNISOB$c20200722$gRICA 850 $aUNISOB 852 $aUNISOB$j910|Coll|3|K$m14451 912 $aE600200043528 940 $aM 102 Monografia moderna SBN 941 $aM 957 $a910|Coll|3|K$b000028$gSi$d14451$racquisto$1catenacci$2UNISOB$3UNISOB$420081219114251.0$520200722114839.0$6Spinosa 996 $aGuyanes$91099810 997 $aUNISOB LEADER 01103nam0 22002891i 450 001 VAN0012901 005 20051107120000.0 010 $a88-348-7153-7 020 $aIT$b98 5077 100 $a20030211d1997 |0itac50 ba 101 $aita 102 $aIT 105 $a|||| ||||| 200 1 $aLibertą individuali e sistemi giuridici$eprofili storico-giuridici$emondo antico ed Israele$fDaniela Piattelli 210 $aTorino$cGiappichelli$d[1997] 215 $a259 p.$d24 cm. 606 $aLibertą personale$xDiritto ebraico$3VANC006874$2FI 620 $dTorino$3VANL000001 676 $a342.33085$v21 700 1$aPiattelli$bDaniela$3VANV009561$0234703 712 $aGiappichelli $3VANV107921$4650 801 $aIT$bSOL$c20230707$gRICA 899 $aBIBLIOTECA DEL DIPARTIMENTO DI GIURISPRUDENZA$1IT-CE0105$2VAN00 912 $aVAN0012901 950 $aBIBLIOTECA DEL DIPARTIMENTO DI GIURISPRUDENZA$d00CONS XVIII.Dg.2 $e00 14334 20030211 996 $aLibertą individuali e sistemi giuridici$9690613 997 $aUNICAMPANIA